000 02613cam a22005174i 4500
003 PE-LiUPU
005 20250731173354.0
008 150706s2006 sp a rb 000 0 spa d
020 _a8441322287
035 _a(Sirsi) i9788441322288
040 _aPE-LiUPU
_bspa
_cPE-LiUPU
_erda
049 _aPRUA
082 0 4 _a220.912 127
_bCh14
_221
100 1 _aChadwick, Henry,
_eautor.
245 1 3 _aLa iglesia cristiana /
_cEditado por Henry Chadwich.
264 1 _aBarcelona :
_bFolio,
_c2006.
300 _a239 páginas :
_bilustraciones lám. mapas ;
_c30 centímetros.
336 _atext
_2rdacontent
337 _aunmediated
_2rdamedia
338 _avolume
_2rdacarrier
490 0 _aGrandes civilizaciones del pasado
500 _aTraducción de: Atlas of the Christian church.
504 _aIncluye bibliografía.
505 0 _aLa iglesia primitiva -- El principio -- Expansión y estructura de la iglesia primitiva -- La iglesia medieval -- La iglesia del Oriente -- La iglesia del Occidente -- Oriente y Occidente rumbos distintos -- Cisma y unión -- Iglesia y Estado -- Ser un peregrino -- La Santa Peregrinación -- Reforma y reacción -- El final de la edad media: vitalidad o decadencia? -- Reforma: los cimientos tiemblan -- La contrarreforma -- Guerra, asentamiento y desunión -- Al este y al oeste -- La iglesia en Norteamérica -- La iglesia del siglo XVIII -- La iglesia del siglo XIX -- La experiencia africana -- Misiones en Asia -- Las iglesias ortodoxas -- La tradición cristiana -- El mundo cristiano actual -- El cristianismo y otras religiones universales -- Cristianismo, comunismo e identidad nacional -- Cristianismo y modernidad secular -- El movimiento ecuménico.
526 _aSEG42
526 _aSEG41
526 _aSEG40
526 _aSEG39
526 _aP94
526 _aP87
526 _aP86
526 _aP85
526 _aP77
526 _aP76
526 _aP35
541 _g001-000474;
650 0 4 _aGeografía eclesiástica
_vMapas.
650 0 4 _aIglesia
_xHistoria
_vAtlas.
700 1 _aEvans, G. R.,
_eeditor.
910 _bjv
_d20100817
942 _2ddc
_cBOOK
949 _a220.912 127 CH14
_wDEWEY
_c1
_i62015
_lCCODEBUL1
_mBUL
_p10.00
_r0
_sY
_tBOOK
_u2015-7-6
_xTEOLOGIA
_PP35
_0COMPRA
_o.STAFF. Colección Teología
994 _aC0
_bPEPRU
596 _a1
999 _a220.912 127 CH14
_wDEWEY
_c51129
_i62015
_d51129
_e2018-1-14
_f2021-11-9
_g5
_lCCODEBUL1
_mBUL
_n1
_p10.00
_q4
_r0
_sY
_tBOOK
_u2015-7-6
_xTEOLOGIA
_PP35
_0COMPRA
_o.STAFF. Colección Teología
980 _81
_gALBERTO SANCHEZ Responsable de Automatización